00646nam a2200181 i 450000100060000000300090000600500170001500700030003200800410003510000550007624500660013125000150019726000610021230000220027385200320029599900170032795201200034484313ES-MaACL20250915063037.0t|041122s1945 sp ||||1| spa d1 aXiménez de Sandoval, Felipe, d1903-1978911751010aDiálogos de la diplomacia / cFelipe Ximénez de Sandoval. a[1ª ed.]. aBarcelona : bJuventud, c[1945] (fAgustín Núñez) a216 p. ; c19 cm. aES-MaACLjB-10666 bR.22969 c84313d84313 00104070aATENEOMbATENEOMcSPBd2008-01-17eSCl0oB-10666p1088114r2023-02-23 00:00:00w2023-02-23yMONOGRAFIA